header

Global warming and China's environmental diplomacy (Record no. 163854)

MARC details
000 -LEADER
fixed length control field 01752nam a2200409 a 4500
082 04 - DEWEY DECIMAL CLASSIFICATION NUMBER
Classification number 363.738/740951
100 1# - MAIN ENTRY--AUTHOR NAME
Personal name Yu, Hongyuan.
245 10 - TITLE STATEMENT
Title Global warming and China's environmental diplomacy
260 ## - PUBLICATION, DISTRIBUTION, ETC. (IMPRINT)
Place of publication New York :
Name of publisher Nova Science Publishers, Inc.,
Year of publication c2008.
300 ## - PHYSICAL DESCRIPTION
Number of Pages xviii, 254 p. :
Other physical details ill. (some col.)
650 #0 - SUBJECT ADDED ENTRY--TOPICAL TERM
Topical Term Environmental policy
Topical Term Global warming
Topical Term Greenhouse gases
Topical Term Climatic changes
Topical Term Global warming
Topical Term Greenhouse gases
Topical Term Climatic changes
856 40 - ELECTRONIC LOCATION AND ACCESS
Uniform Resource Identifier http://site.ebrary.com/lib/rucke/Doc?id=10674953

No items available.

© 2026 Rongo University
Contact us: librarian | system librarian | Rongo university